000 00994nam a2200253 a 4500
005 19900403133224.3
008 851206s1986 flua b 001 0 eng
010 _aENG-91634
020 _a9788120334687
_c525.00
035 _aEN-75167
037 _bDBAD / PUB
040 _adpl
_bEnglish
082 _a658.4038011
100 _aLaudon, Kenneth C.
245 _aManagement information systems:
_cby Kenneth C. Laudon [and] Jane P. Laudon
_bmanaging the digital firm /
250 _a10th ed
260 _aNew Delhi
_bPrentice Hall of India
_c2008
300 _aVarious pagings
_bill. ;
_c28 cm. (pbk)
_eCD-ROM
500 _aIncludes references, glossary and index
650 _aManagement information systems
700 _aLaudon, Jane p.
942 _2ddc
_cEN
_mLAU
_h658.4038011
999 _c18630
_d18630